000 00454nam a2200205Ia 4500
008 210210b2013 xxu||||| |||| 00| 0 eng d
020 _a9780415460262
041 _aeng
082 _a820.9145 DAYR
100 _aDAY (Aidan)
245 _aRomanticism Ed 2
250 _a
260 _aLondon
_bRoutledge
_c2013
300 _aviii,221
650 _aRomanticism
650 _aEd
650 _a2
690 _aEnglish Criticism
906 _a071984
999 _c121841
_d121841